Compendio de Historia de España: primer curso

Gespeichert in:
Bibliographische Detailangaben
1. Verfasser: Bruño, G. M.
Format: keine Angabe
Sprache:Spanisch
Erschienen: España Bruño 1917
Ausgabe:
Katalog:MANES:  Suchergebnis im Bibliothekskatalog
Schulbuchspezifische Eigenschaften:
Tags: Tag hinzufügen
Keine Tags, Fügen Sie den ersten Tag hinzu!
Hinzugefügt zu:26.04.2016
Geändert in:07.05.2025

MARC

LEADER 000000000a22000000004500
001 05747
003 OSt
005 20250507134325.0
008 160427s sp ||||| |||| 00| 0 spa d
040 |c centro_manes 
041 1 |a spa 
100 1 |9 6  |a Bruño, G. M. 
245 0 0 |a Compendio de Historia de España: primer curso 
250 |a 3ª 
260 3 |a España  |b Bruño  |c 1917 
300 |a 155 p.  |c 17 X 11 cm 
500 |a Se cita "Depósitos" en Madrid y Barcelona. En la contraportada se citan las obras de Bruño. Al libro le falta la portada. 
546 |a España 
561 |5 es-BUNED  |3 LT 0716  |a España. Fondo Manes UNED  |k MANES 
690 0 |a HI 
691 0 |a PRI 
942 |2 ddc  |c BK 
999 |c 11721  |d 11721 
999 |c manes:11721  |d 11721